Movies Quiz

Random Movies or Pixar Quiz

Toy Story 3 Eyes Quiz Stats

 Plays Quiz Updated May 31, 2019

Score 0/25 Timer 07:00
0 Plays Today
% Correct
Woody
91.6%
Buzz Lightyear
86.4%
Barbie
85%
Rex
81.2%
Mr. Potato Head
79.7%
Andy
77.1%
Bullseye
73.9%
Aliens
71.9%
Slinky Dog
69.8%
Mrs. Potato Head
67.7%
Lotso
62.8%
Jessie
59.2%
Ken
57.5%
% Correct
Big Baby
43.5%
The Bookworm
41.3%
Hamm
31.5%
Trixie
29.5%
Bonnie
23.7%
Peas-in-a-Pod
22.3%
Chatter Telephone
21.1%
Dolly
18.9%
Mr. Pricklepants
17.1%
Buttercup
16.8%
Stretch
15.4%
Chunk
9.5%

You're not logged in!

Compare scores with friends on all Sporcle quizzes.
OR
Log In

Sporcle TV

Today on Sporcle TV


Watch our educational content, quiz creation guides, and fun videos on Sporcle TV.

Show Comments

Extras

Top Quizzes Today


Score Distribution

Your Account Isn't Verified!

In order to create a playlist on Sporcle, you need to verify the email address you used during registration. Go to your Sporcle Settings to finish the process.

Report this User

Report this user for behavior that violates our Community Guidelines.

Details: